000 00719nab a2200217 4500
003 BR-BrBNA
005 20250603230616.0
008 250603b bl.||||| |||| 00| 0 por d
040 _aBR-BrBNA
_bpor
072 _aF04 ; P35
_b3866
100 _aMarques, Carlos José (ed.)
245 _aA alquimia dos minerais
_bAgrotecnologia
500 _a1 illus.
650 _aMICRONUTRIENTE
650 _aMICROELEMENTO
650 _aMINERAL
650 _aFERTILIDADE DO SOLO
773 0 _01706
_9347890
_dSão Paulo-SP Editora Três Ltda - E-mail: luizfsa@revistadinheiro.com.br 2004
_o2025-0389
_tDinheiro Rural (Brazil)
_x1807-3700
_gv. 6(63) p. 38; (Jan 2009)
_wBR2025001250
942 _cANA
999 _c331882
_d331882